000 01003cam a2200301 4500
008 #DATE n2001 000 0 eng u
020 _a0415224640
035 _a(Sirsi) u120117
041 _aeng
050 _a614.8
100 _aSmith, K.
245 _aEnvironmental hazards: assessing risk and reducing disaster.
250 _a3rd ed.
260 _aLondon
_bRoutledge
_c2001
300 _axxiv,392p.
_bill.
_c24cm.
350 _a19.99
520 _aProvides a broad overview and systematic analysis of human, natural and technological disasters and their effects on communities. This edition has been revised to cover El Nino, rising sea levels and coastal flooding and sustainability.
650 _aDROUGHTS
650 _aEARTHQUAKES
650 _aENVIRONMENTAL HAZARDS
650 _aFLOODS
650 _aNUCLEAR ACCIDENTS
650 _aRISK ASSESSMENT
650 _aSTORMS
650 _aTECHNOLOGICAL HAZARDS
690 _aENVIRONMENTAL AND LAND CONSULTANCY
942 _n0
999 _c102477
_d102477